00463nam a2200133Ia 4500008004100000040004400041100002600085245010500111260001600216300000900232500005700241700001600298999001500314180412s9999||||xx |||||||||||||| ||und|| aAhmadu Bello University Library - Zaria aJ.T. Esquinas-Alcazar 0aGenetic Resources of Cucurbitaceae: A Global ReportcINTERNATIONAL BOARD FOR PLANT GENETIC RESOURCES bIBPGRc1983 a101p aGenetic resources of cucurbitaceae: a global report. aP.J. Gulick c5558d5558